000 00550nam a2200121Ia 4500
008 220616s9999||||xx |||||||||||||| ||und||
100 _aKleinschmidt, Jessica||Ramsey, Claire||Schwarz, Jörg
245 0 _aChapter Studying Adult Education. A Comparison of Master’s Degree Programmes on ALE in Germany and the US
546 _aEnglish[eng]
650 _aHigher Education||Adult Learning and Education||United States||Germany||Comparative Re-search
856 _uhttps://library.oapen.org/bitstream/20.500.12657/56173/1/14713.pdf
942 _cEB
999 _c20808
_d20808